Statistics for 10 Northernmost and Southernmost Large Cities (with a map)

Click here to take the quiz!

General Stats

  • This quiz has been taken 2,507 times
  • The average score is 17 of 20

Answers on the Map

Answers color-coded by a green-red scale on the quiz's map according to % correct below.
 

Answer Stats

TypeLatitudeCity% Correct
Northernmost51°30'NLondon
98%
Northernmost55°45'NMoscow
96%
Southernmost33°52'SSydney
96%
Northernmost52°31'NBerlin
94%
Northernmost52°22'NAmsterdam
93%
Northernmost59°20'NStockholm
93%
Northernmost52°14'NWarsaw
93%
Southernmost34°36'SBuenos Aires
92%
Southernmost33°56'SCape Town
92%
Northernmost59°57'NSaint Petersburg
90%
Southernmost33°27′SSantiago
90%
Southernmost26°12′SJohannesburg
88%
Southernmost37°49'SMelbourne
88%
Southernmost31°57′SPerth
86%
Northernmost53°28'NManchester
85%
Northernmost52°29'NBirmingham
75%
Southernmost27°28′SBrisbane
73%
Northernmost51°56'NRotterdam
72%
Southernmost29°53′SDurban
54%
Southernmost30°02′SPorto-Alegre
36%

Score Distribution

Percentile by Number Answered

Percent of People with Each Score

Your Score History

You have not taken this quiz